000 01188nam a22002057a 4500
008 231027s2023 xxk|||||o||||f00| 0 eng d
041 _aeng
245 _aThe biodiversity gain plan:
_b draft template and guidance
_h[Electronic resource]
260 _bDepartment for Environment, Food & Rural Affairs
_c26 October 2023
520 _aThe purpose of the biodiversity gain plan is to provide a clear and consistent document with which a developer sets out how the proposals meet the biodiversity net gain objective. The biodiversity gain plan contains the relevant information for the planning authority to determine whether the biodiversity net gain objective has been met. Please note, this is a draft biodiversity gain plan template and draft guidance which is subject to change.
650 _aBIODIVERSITY NET GAIN
650 _aLAND
650 _aBIODIVERSITY CREDITS
650 _aPLANNING
651 _aUnited Kingdom
690 _96238
_aEnvironment
710 _aDepartment for Environment, Food and Rural Affairs
856 _uhttps://defralanduse.blog.gov.uk/2023/10/26/the-biodiversity-gain-plan-draft-template-and-guidance/
_zAvailable on GOV.UK
942 _n0
999 _c121688
_d121688